000 00287nam a22001217a 4500
008 180125b xxu||||| |||| 00| 0 eng d
041 _aeng
080 _23 ed
_a616.31
100 _a5
101 _aden
245 _aadvanced radiotonic interpretation
_cclarence.o.s
942 _2udc
_cBK
999 _c40974
_d40974